|
|
|
|
| LEADER |
01359nam a2200301 u 4500 |
| 001 |
10022785 |
| 003 |
upatras |
| 005 |
20210117205712.0 |
| 008 |
990123s1996 us eng |
| 020 |
|
|
|a 1557866090
|
| 040 |
|
|
|a GR-PaULI
|c GR-PaULI
|
| 041 |
0 |
|
|a eng
|
| 082 |
0 |
4 |
|a 307.76
|
| 245 |
1 |
0 |
|a Readings in urban theory
|c edited by Susan S. Fainstein and Scott Campbell
|
| 260 |
|
|
|a Cambridge, MA
|b Blackwell Publishers
|c 1996
|
| 300 |
|
|
|a viii, 447 p.
|c 25 cm.
|
| 504 |
|
|
|a Includes bibliographical references and index
|
| 650 |
|
4 |
|a Αστικές κοινότητες
|9 46265
|
| 650 |
|
4 |
|a Πόλεις
|x Ανάπτυξη
|9 2391
|
| 700 |
1 |
|
|a Fainstein, Susan S.
|4 edt
|9 126374
|
| 700 |
1 |
|
|a Campbell, Scott
|4 edt
|9 126373
|
| 852 |
|
|
|a GR-PaULI
|b ΠΑΤΡΑ
|b ΑΡΧΙΤΕΚΤΟΝΙΚΗ
|k ΑΣΧΞ-2
|h 711.4 F
|m 39494
|p 025000003504
|t 2
|
| 852 |
|
|
|a GR-PaULI
|b ΠΑΤΡΑ
|b ΒΚΠ
|b ΒΣ1
|k ΑΣΧΞ
|h 307.76 FAI
|m 044783
|p 025000057362
|t 1
|
| 942 |
|
|
|2 ddc
|c BK15
|
| 952 |
|
|
|0 0
|1 0
|4 0
|6 711_400000000000000_F
|7 0
|9 187936
|a ARCH
|b ARCH
|d 2016-04-24
|i 39494
|l 0
|o 711.4 F
|p 025000003504
|r 2016-04-24 00:00:00
|t 2
|w 2016-04-24
|y BK15
|
| 952 |
|
|
|0 0
|1 0
|4 0
|6 307_760000000000000_FAI
|7 0
|9 187937
|a LISP
|b LISP
|c BSC
|d 2016-04-24
|i 044783
|l 2
|o 307.76 FAI
|p 025000057362
|r 2017-02-01 00:00:00
|s 2017-01-04
|t 1
|w 2016-04-24
|y BK15
|
| 998 |
|
|
|c ΠΑΝΑΓΟΠΟΥΛΟΥ
|d 1999-06
|
| 999 |
|
|
|c 115888
|d 115888
|